LEADER 01182nam 2200349Ia 450 001 9910697093203321 005 20230902161545.0 035 $a(CKB)5470000002383966 035 $a(OCoLC)587603618 035 $a(EXLCZ)995470000002383966 100 $a20100330d1998 ua 0 101 0 $aeng 135 $auran||||||||| 181 $ctxt$2rdacontent 182 $cc$2rdamedia 183 $acr$2rdacarrier 200 00$aGuidance for industry$b[electronic resource] $eSUPAC-SS : nonsterile semisolid dosage forms : manufacturing equipment addendum 210 1$aRockville, MD :$cU.S. Dept. of Health and Human Services, Food and Drug Administration, Center for Drug Evaluation and Research,$d[1998] 215 $a1 electronic resource (i, 20 pages) 300 $a"Draft guidance." 300 $a"CMC #." 300 $a"December 1998." 517 $aGuidance for industry 606 $aDrugs$xDosage forms$zUnited States 615 0$aDrugs$xDosage forms 712 02$aCenter for Drug Evaluation and Research (U.S.) 801 0$bGPO 801 1$bGPO 906 $aBOOK 912 $a9910697093203321 996 $aGuidance for industry$93434577 997 $aUNINA